Směrnici o distribuci pojištění lze implementovat

Dokončenie článku z predchádzajúceho čísla o vybraných ustanoveniach novej smernice 2016/97/EÚ o distribúcii poistenia (IDD). Právne úpravy a implementácia IDD. Členské krajiny musia zaistiť, aby distribútori poistenia konali pri distribúcii poistenia čestne, spravodlivo a profesionálne v súlade s n...

Full description

Saved in:
Bibliographic Details
Main Author: Mesršmíd, Jaroslav
Format: Book Chapter
Language:Czech
Subjects:
Tags: Add Tag
No Tags, Be the first to tag this record!

MARC

LEADER 00000nla a2200000 4500
001 0222224
005 20240111122116.1
041 0 |a cze 
044 |a CZ 
245 1 0 |a Směrnici o distribuci pojištění lze implementovat  |c Jaroslav Mesršmíd 
520 |a Dokončenie článku z predchádzajúceho čísla o vybraných ustanoveniach novej smernice 2016/97/EÚ o distribúcii poistenia (IDD). Právne úpravy a implementácia IDD. Členské krajiny musia zaistiť, aby distribútori poistenia konali pri distribúcii poistenia čestne, spravodlivo a profesionálne v súlade s najlepšími záujmami svojich zákazníkov. 
610 2 0 |a poisťovníctvo 
610 2 0 |a poisťovne 
610 2 0 |a trh poistný 
610 2 0 |a právo poistné 
610 2 0 |a podmienky poistné 
610 2 0 |a legislatíva 
610 2 0 |a smernice 
610 2 0 |a Európska únia 
100 1 |a Mesršmíd, Jaroslav